00985nam a22002297a 45000010005000000030006000050050017000110080041000280400029000690500008000980820008001061000014001142450087001282600017002153000048002324900053002805050008003335210029003415210020003706500260003906500105006508888FISKH20251030101542.0251030b cb ||||| |||| 00| 0 eng d aFISKHbkhrcFISKHdFISKH aPZ7 a895 aAnonymous aឆ្កែ មាន់គក និង កញ្ជ្រោង /cBy Anonymous aPhnom Penh : a16 pages : bcolor illustrations ;c21 cm . aនិទានអប់រំគំនិត​ aJ 8 a500 bLexile estimate 8 aJ bRaz-Plus  aឆ្កែ មាន់គក និង កញ្ញ្រោង ,​ កញ្រ្ជោងនិងពពែ , ឈើមួយកាច់ , អ្នកខ្វាលពពែនិងពពែព្រៃ vរឿងនិទានកុមារ aDog rooster and fox , Fox and goat , A bunch of stick , Shepherd and wild goat vChildren's Stories